000
00346 a2200169 4500
001
45077
020
_a
9788574121000
040
_c
Anchieta - Aquarius
100
_a
D´Heur
240
1
0
_a
O beijo
_l
por
245
1
0
_a
O beijo
300
_a
362
0
_a
2000
440
1
_a
Brinque-book
650
4
_a
Literatura infanto-juvenil
942
_c
BK
999
_c
45077
_d
45077